00570nam a22001577a 4500010001500000020003100015035001400046037001300060082001000073100001800083245006600101260004000167270013600207300003000343500003900373 aENG-126165 a978-93-8472-686-7c1495.00 aEN-109697 bDBAD/PUB a363.7 aAhluwalia,V.K aEnvironment Science /cby V.K. Ahluwalia[and]Sunita Malhotra  aNew DelhibAne Books Pvt.Ltd.c2018 a4821,Parwana Bhawan,1st Floor24 Ansari Road, Darya GanjbNew Delhie110002k+91(011)23276843l+91(011)23276863mkapoor@anebooks.com axviii358p.c24cm(hb)bill ait includes Index and Bibliography